Regional human anatomy : A laboratory workbook for use with models and prosections
The Grine Lab Workbook is designed for the Human Anatomy Lab course and takes a REGIONAL approach as opposed to a systems approach. This approach is becoming more and more popular as a way to teach Human Anatomy. Instructors who use a lab book with a "regional approach" and combine it with...
Đã lưu trong:
| Príomhúdar: | |
|---|---|
| Formáid: | Leabhar |
| Teanga: | Undetermined |
| Foilsithe: |
Boston
McGraw-Hill
2005
|
| Ábhair: | |
| Clibeanna: |
Cuir Clib Leis
Gan Chlibeanna, Bí ar an gcéad duine leis an taifead seo a chlibeáil!
|
| Thư viện lưu trữ: | Trung tâm Học liệu Trường Đại học Cần Thơ |
|---|
| LEADER | 01299nam a2200217Ia 4500 | ||
|---|---|---|---|
| 001 | CTU_138359 | ||
| 008 | 210402s9999 xx 000 0 und d | ||
| 020 | |c 845000 | ||
| 082 | |a 611.90222 | ||
| 082 | |b G578 | ||
| 100 | |a Grine, Frederick E | ||
| 245 | 0 | |a Regional human anatomy : | |
| 245 | 2 | |b A laboratory workbook for use with models and prosections | |
| 245 | 0 | |c Frederick E. Grine | |
| 260 | |a Boston | ||
| 260 | |b McGraw-Hill | ||
| 260 | |c 2005 | ||
| 520 | |a The Grine Lab Workbook is designed for the Human Anatomy Lab course and takes a REGIONAL approach as opposed to a systems approach. This approach is becoming more and more popular as a way to teach Human Anatomy. Instructors who use a lab book with a "regional approach" and combine it with a text that takes a "systems" approach offer their students a combination that serves to reinforce anatomical knowledge since it forces the student to see each anatomical structure from two perspectives. Grine can be used effectively in conjunction with a lab course that uses human cadavers since the content is presented in the regional sequence typically practiced in dissection. | ||
| 650 | |a Human anatomy,Sinh thái học nhân văn | ||
| 904 | |i Tăng Thanh Trúc | ||
| 980 | |a Trung tâm Học liệu Trường Đại học Cần Thơ | ||